书目信息 |
| 题名: |
高校音乐课程构建与教育改革研究
|
|
| 作者: | 叶兰 著 | |
| 分册: | ||
| 出版信息: | 北京 北京工业大学出版社 2021.5 |
|
| 页数: | 160页 | |
| 开本: | 24cm | |
| 丛书名: | ||
| 单 册: | ||
| 中图分类: | J6 | |
| 科图分类: | ||
| 主题词: | 音乐教育--教学改革--高等学校 | |
| 电子资源: | ||
| ISBN: | 978-7-5639-6653-0 | |
| 000 | 00799nam0 2200229 45 | |
| 001 | 490030 | |
| 005 | 20140817154645.0 | |
| 010 | @a978-7-5639-6653-0@dCNY48.00 | |
| 100 | @a20191206d2018 em y0chiy0110 ea | |
| 101 | 0 | @achi |
| 102 | @aCN@b110000 | |
| 105 | @ay z 000yy | |
| 106 | @ar | |
| 200 | 1 | @a高校音乐课程构建与教育改革研究@Agao xiao yin yue ke cheng gou jian yu jiao yu gai ge yan jiu@f叶兰著 |
| 210 | @a北京@c北京工业大学出版社@d2021.5 | |
| 215 | @a160页@d24cm | |
| 330 | @a本书共七章,包括现代音乐课程的相关理论、多元文化背景下高校音乐课程构建、高校音乐课程体系的构建、高校音乐教育改革的探索与理性思考等内容。 | |
| 606 | 0 | @a音乐教育@x教学改革@x高等学校 |
| 690 | @aJ6@v5 | |
| 701 | 0 | @a叶兰@Aye lan@c(音乐)@4著 |
| 801 | @aCN@b江苏凤凰@c20211018 | |
| 905 | @b1355346-9@dJ6@e1430@f4 | |
| 高校音乐课程构建与教育改革研究/叶兰著.-北京:北京工业大学出版社,2021.5 |
| 160页;24cm |
| ISBN 978-7-5639-6653-0:CNY48.00 |
| 本书共七章,包括现代音乐课程的相关理论、多元文化背景下高校音乐课程构建、高校音乐课程体系的构建、高校音乐教育改革的探索与理性思考等内容。 |
| ● |
| 相关链接 |
|
|
|
|
正题名:高校音乐课程构建与教育改革研究
索取号:J6/1430
 
预约/预借
| 序号 | 登录号 | 条形码 | 馆藏地/架位号 | 状态 | 备注 |
| 1 | 1355346 | 213553466 | 第一样本阅览室/ [索取号:J6/1430] | 在馆 | |
| 2 | 1355347 | 213553475 | 第一借阅区/ [索取号:J6/1430] | 在馆 | |
| 3 | 1355348 | 213553484 | 第一借阅区/ [索取号:J6/1430] | 在馆 | |
| 4 | 1355349 | 213553493 | 第一借阅区/ [索取号:J6/1430] | 在馆 |